Loading...
| Fine Arts - Auditory Fine Arts | 4 | 15.00 | 100% | 25% | 25% |
| Fine Arts - Other Fine Arts | 6 | 13.33 | 100% | 17% | 17% |
| Fine Arts - Visual Fine Arts | 3 | 16.67 | 100% | 33% | 33% |
| History - American History | 3 | 16.67 | 100% | 67% | 0% |
| History - European History | 6 | 18.33 | 100% | 67% | 17% |
| History - Other History | 6 | 15.00 | 100% | 50% | 0% |
| History - World History | 1 | 10.00 | 100% | 0% | 0% |
| Literature - American Literature | 5 | 18.00 | 100% | 80% | 0% |
| Literature - British Literature | 5 | 22.00 | 100% | 100% | 20% |
| Literature - European Literature | 5 | 20.00 | 100% | 100% | 0% |
| Literature - World Literature | 4 | 22.50 | 100% | 75% | 50% |
| Mythology | 6 | 21.67 | 100% | 50% | 67% |
| Other Academic | 1 | 10.00 | 100% | 0% | 0% |
| Philosophy | 4 | 20.00 | 100% | 75% | 25% |
| Pop Culture | 4 | 15.00 | 100% | 50% | 0% |
| Religion | 4 | 17.50 | 100% | 75% | 0% |
| Science - Biology | 6 | 15.00 | 83% | 67% | 0% |
| Science - Chemistry | 5 | 18.00 | 80% | 80% | 20% |
| Science - Other Science | 4 | 20.00 | 100% | 75% | 25% |
| Science - Physics | 4 | 17.50 | 75% | 75% | 25% |
| Social Science | 6 | 15.00 | 100% | 50% | 0% |